000 00474nam a22001577a 4500
005 20150427113210.0
008 150427b xxu||||| |||| 00| 0 eng d
020 _a9698232141
040 _cPK-LaUMT
082 _aKHC 306.0954914
_bHUS-P
100 _aحسین قسمت، محمد
245 _aپنجاب کے دہیات
_bماضی کے آئینے میں
_cمحمد حسین قسمت
260 _aلاہور
_bاظہار سنز
_c[N.D]
300 _a151 ص
942 _cBK
999 _c70447
_d70447